<?xml version="1.0" encoding="UTF-8"?>
<record
    xmlns:xsi="http://www.w3.org/2001/XMLSchema-instance"
    xsi:schemaLocation="http://www.loc.gov/MARC21/slim http://www.loc.gov/standards/marcxml/schema/MARC21slim.xsd"
    xmlns="http://www.loc.gov/MARC21/slim">

  <leader>00316nam a2200121Ia 4500</leader>
  <controlfield tag="008">191201s2018    xx            000 0 und d</controlfield>
  <datafield tag="100" ind1=" " ind2=" ">
    <subfield code="a">Mehta,R.M</subfield>
  </datafield>
  <datafield tag="245" ind1=" " ind2="0">
    <subfield code="a">Drug Store and Business Management</subfield>
  </datafield>
  <datafield tag="260" ind1=" " ind2=" ">
    <subfield code="b">Vallabh Prakashan</subfield>
    <subfield code="a">New Delhi</subfield>
    <subfield code="c">2018</subfield>
  </datafield>
  <datafield tag="300" ind1=" " ind2=" ">
    <subfield code="a">263</subfield>
  </datafield>
  <datafield tag="650" ind1=" " ind2=" ">
    <subfield code="a">Pharmaceutics - 23</subfield>
  </datafield>
  <datafield tag="942" ind1=" " ind2=" ">
    <subfield code="2">ddc</subfield>
    <subfield code="c">BK</subfield>
    <subfield code="0">8</subfield>
  </datafield>
  <datafield tag="999" ind1=" " ind2=" ">
    <subfield code="c">8362</subfield>
    <subfield code="d">8362</subfield>
  </datafield>
  <datafield tag="952" ind1=" " ind2=" ">
    <subfield code="0">0</subfield>
    <subfield code="1">0</subfield>
    <subfield code="2">ddc</subfield>
    <subfield code="4">0</subfield>
    <subfield code="7">0</subfield>
    <subfield code="8">DP</subfield>
    <subfield code="a">PIET</subfield>
    <subfield code="b">PIET</subfield>
    <subfield code="d">2019-03-26</subfield>
    <subfield code="e">Kirti Prakashan</subfield>
    <subfield code="g">210.00</subfield>
    <subfield code="k">IN 3253</subfield>
    <subfield code="l">5</subfield>
    <subfield code="o">615.1068 MED</subfield>
    <subfield code="p">DP644</subfield>
    <subfield code="r">2022-03-03 00:00:00</subfield>
    <subfield code="s">2021-08-11</subfield>
    <subfield code="v">170.10</subfield>
    <subfield code="w">2019-03-18</subfield>
    <subfield code="y">REF</subfield>
  </datafield>
  <datafield tag="952" ind1=" " ind2=" ">
    <subfield code="0">0</subfield>
    <subfield code="1">0</subfield>
    <subfield code="2">ddc</subfield>
    <subfield code="4">0</subfield>
    <subfield code="7">0</subfield>
    <subfield code="8">DP</subfield>
    <subfield code="a">PIET</subfield>
    <subfield code="b">PIET</subfield>
    <subfield code="d">2019-03-26</subfield>
    <subfield code="e">Kirti Prakashan</subfield>
    <subfield code="g">210.00</subfield>
    <subfield code="k">IN 3253</subfield>
    <subfield code="l">4</subfield>
    <subfield code="o">615.1068 MED</subfield>
    <subfield code="p">DP645</subfield>
    <subfield code="r">2024-04-04 00:00:00</subfield>
    <subfield code="s">2024-04-01</subfield>
    <subfield code="v">170.10</subfield>
    <subfield code="w">2019-03-18</subfield>
    <subfield code="y">BK</subfield>
  </datafield>
</record>
